| 000 | 00527nam a2200181 i 4500 | ||
|---|---|---|---|
| 001 | 92437 | ||
| 003 | ES-MaACL | ||
| 005 | 20230906180954.0 | ||
| 007 | t| | ||
| 008 | 050307s1948 ag ||||1| spa d | ||
| 100 | 1 |
_aLin, Yutang. _972320 |
|
| 245 | 1 | 0 |
_aEntre lágrimas y risas / _cYutang Lin; traducción de Miguel de Hernani. |
| 250 | _a7ª ed. | ||
| 260 |
_aBuenos Aires : _bEditorial Sudamericana, _c[1948] |
||
| 300 |
_a343 p. ; _c21 cm. |
||
| 700 | 1 |
_aHernani, Miguel de. _963115 |
|
| 852 |
_aES-MaACL _jD-5605 _bR.28922 |
||
| 999 |
_c92437 _d92437 |
||